Catálogo público

Contributions from breeding forage and turf grasses / por D. A. Sleper, K. H. Asay and J. F. PedersenPedersen, J. F. ed (Record no. 216946)

MARC details
000 -CABECERA
campo de control de longitud fija 00779nam a2200229Ia 4500
001 - NÚMERO DE CONTROL
campo de control Z_5049
008 - DATOS DE LONGITUD FIJA--INFORMACIÓN GENERAL
campo de control de longitud fija 220601s9999 xx 000 0 und d
082 ## - NÚMERO DE LA CLASIFICACIÓN DECIMAL DEWEY
Número de clasificación 633.2 S54
100 ## - ENTRADA PRINCIPAL--NOMBRE DE PERSONA
Nombre de persona Sleper, D. A. ed
9 (RLIN) 181914
245 ## - MENCIÓN DE TÍTULO
Título Contributions from breeding forage and turf grasses / por D. A. Sleper, K. H. Asay and J. F. PedersenPedersen, J. F. ed
260 ## - PUBLICACIÓN, DISTRIBUCIÓN, ETC.
Lugar de publicación, distribución, etc. Madison, Wis. : Crop Science Society of America
300 ## - DESCRIPCIÓN FÍSICA
Extensión 122 p.
440 ## - MENCIÓN DE SERIE/PUNTO DE ACCESO ADICIONAL--TÍTULO
Título CSSA Special publication ; 15
9 (RLIN) 142380
500 ## - NOTA GENERAL
Nota general
503 ## - NOTA DE HISTORIA BIBLIOGRÁFICA (BK CF MU) [OBSOLETO]
Nota de historia bibliográfica 180371
650 ## - PUNTO DE ACCESO ADICIONAL DE MATERIA--TÉRMINO DE MATERIA
Término de materia o nombre geográfico como elemento de entrada 1. Pastos forrajeros 2. Pastos - Mejoramiento I. Asay, K. H. II. Pedersen, J. F.Ì
9 (RLIN) 181915
901 ## - ELEMENTOS DE DATOS A LOCAL LDA (RLIN)
a 633.2 S54
902 ## - ELEMENTOS DE DATOS B LOCAL, LDB (RLIN)
a A
905 ## - ELEMENTOS DE DATOS E LOCAL, LDE (RLIN)
a 0000001989 0000000000 00
942 ## - ELEMENTOS DE PUNTO DE ACCESO ADICIONAL (KOHA)
Tipo de ítem Koha Libro_
Holdings
Estado de retiro Estado de pérdida Fuente del sistema de clasificación o colocación Estado dañado No para préstamo Código de colección Localización permanente Ubicación/localización actual Ubicación en estantería Fecha de adquisición Total de préstamos Código de barras Fecha visto por última vez Número de copia Precio válido a partir de Tipo de ítem Koha
    Dewey Decimal Classification     General Zootecnia Zootecnia   09/11/2005   z_4881 02/06/2022 1 02/06/2022 Libro